|
|
|
|
| LEADER |
00000naa a2200000 4500 |
| 001 |
vtls011990578 |
| 003 |
SK-MaSNL |
| 005 |
20260302145142.0 |
| 008 |
200903|2012 xo f|| |1|0 ||slo |
| 015 |
|
|
|a SNBRA 2015
|2 svkbbbg
|
| 038 |
|
|
|a SVKBBBG
|
| 040 |
|
|
|a SVKBBBG
|b slo
|c SVKBBBG
|e rda
|
| 041 |
0 |
|
|a slo
|b eng
|
| 044 |
|
|
|a xo
|c SK
|
| 072 |
|
7 |
|a 81
|x Lingvistika. Jazyky
|2 konspekt
|
| 072 |
|
7 |
|a 811.162.4
|x Slovenčina
|2 konspekt
|
| 080 |
|
|
|a 81’1
|2 2011
|
| 080 |
|
|
|a 811.162.4
|2 2011
|
| 080 |
|
|
|a 81’27/’28
|2 2011
|
| 080 |
|
|
|a 81`27
|2 2011
|
| 100 |
1 |
|
|a Kralčák, Ľubomír,
|d 1955-
|4 aut
|
| 245 |
1 |
0 |
|a Aktuálna varietizácia slovenčiny a jej modelovanie
|c Ľubomír Kralčák
|
| 336 |
|
|
|a text
|b txt
|2 rdacontent
|
| 337 |
|
|
|a bez média
|b n
|2 rdamedia
|
| 338 |
|
|
|a zväzok
|b nc
|2 rdacarrier
|
| 504 |
|
|
|a Bibliografia na strane 48-49 ; bibliografické odkazy
|
| 546 |
|
|
|a Anglické resumé
|
| 650 |
0 |
7 |
|a lingvistika
|2 SNKPH
|9 860
|
| 650 |
0 |
7 |
|a slovenčina
|2 SNKPH
|9 1350
|
| 650 |
0 |
7 |
|a variety jazyka
|2 SNKPH
|9 109084
|
| 650 |
0 |
7 |
|a jazyková komunikácia
|2 SNKPH
|9 990
|
| 773 |
0 |
|
|t Dynamika spoločenských zmien a stratifikácia národného jazyka : zborník príspevkov z konferencie konanej dňa 13. 04. 2010 v Banskej Bystrici
|d Banská Bystrica : Univerzita Mateja Bela, 2012
|g S. 40-49
|z 9788055704418
|
| 852 |
|
|
|a SVKBB
|b KIS3GCP
|
| 958 |
|
|
|a NB
|
| 999 |
|
|
|c 1352886
|d 1354816
|